[Event "2. Bundesliga Ost 2016/2017"]
[Site "alle Wien"]
[Date "2016.10.16"]
[Round "2"]
[Board "1"]
[White "Vymazal, Bronislav"]
[Black "Lipka, Juraj"]
[Result "0-1"]
[WhiteElo "2331"]
[BlackElo "2421"]
[PlyCount "80"]
[EventDate "2016.10.15"]
[EventType "team"]
[EventRounds "11"]
[EventCountry "AUT"]
[WhiteTeam "SZ Favoriten"]
[BlackTeam "ASVOE Pamhagen"]

1. e4 e6 2. d4 d5 3. e5 c5 4. c3 Nc6 5. Nf3 Bd7 6. a3 Nge7 7. b4 cxd4 8. cxd4
Nf5 9. Be3 b5 10. Nc3 a5 11. Nxb5 axb4 12. a4 Be7 13. Bd3 O-O 14. O-O Na7 15.
Bxf5 exf5 16. Nd6 Qb8 17. Bf4 Nc8 18. Nxf7 Qa7 19. N7g5 h6 20. Nh3 Nb6 21. e6
Bxa4 22. Qe2 Qa6 23. Qxa6 Rxa6 24. Bc7 Na8 25. Be5 g5 26. Nd2 Rc8 27. f4 g4 28.
Nf2 Rcc6 29. Nxg4 fxg4 30. f5 Bf8 31. Rae1 Rc2 32. Bg3 Rxd2 33. f6 Bb5 34. f7+
Kg7 35. Be5+ Kh7 36. Rf6 Re2 37. Rc1 b3 38. e7 Bxe7 39. f8=Q Bxf8 40. Rxf8 Rxe5
 0-1

[Event "2. Bundesliga Ost 2016/2017"]
[Site "alle Wien"]
[Date "2016.10.16"]
[Round "2"]
[Board "2"]
[White "Maslik, Miroslav"]
[Black "Steiner, Bruno"]
[Result "1/2-1/2"]
[WhiteElo "2355"]
[BlackElo "2166"]
[PlyCount "47"]
[EventDate "2016.10.15"]
[EventType "team"]
[EventRounds "11"]
[EventCountry "AUT"]
[WhiteTeam "ASVOE Pamhagen"]
[BlackTeam "SZ Favoriten"]

1. Nf3 Nf6 2. c4 e6 3. g3 d5 4. b3 Be7 5. Bg2 O-O 6. O-O c6 7. Qc2 b6 8. d4 Bb7
9. Nc3 Na6 10. Rd1 Qc8 11. Bf4 c5 12. Rac1 dxc4 13. bxc4 cxd4 14. Nb5 Rd8 15.
Qb2 Qc5 16. Rxd4 Rxd4 17. Qxd4 Qxd4 18. Nfxd4 Bxg2 19. Kxg2 Bc5 20. Nc6 Nb4 21.
Nc7 Rf8 22. Nxb4 Bxb4 23. Na6 Be7 24. c5 1/2-1/2

[Event "2. Bundesliga Ost 2016/2017"]
[Site "alle Wien"]
[Date "2016.10.16"]
[Round "2"]
[Board "3"]
[White "Knoflicek, Ctibor"]
[Black "Horvath, Dominik"]
[Result "1/2-1/2"]
[WhiteElo "2212"]
[BlackElo "2269"]
[PlyCount "35"]
[EventDate "2016.10.15"]
[EventType "team"]
[EventRounds "11"]
[EventCountry "AUT"]
[WhiteTeam "SZ Favoriten"]
[BlackTeam "ASVOE Pamhagen"]

1. c4 e6 2. g3 d5 3. Nf3 Nf6 4. Bg2 dxc4 5. Na3 Bxa3 6. bxa3 O-O 7. Bb2 Nc6 8.
Qc2 Re8 9. Qxc4 e5 10. O-O Be6 11. Qc2 Bd5 12. Rfe1 Nd4 13. Nxd4 Bxg2 14. Kxg2
exd4 15. Qc4 Re6 16. Bxd4 Ne4 17. Be3 Nxd2 18. Bxd2 1/2-1/2

[Event "2. Bundesliga Ost 2016/2017"]
[Site "alle Wien"]
[Date "2016.10.16"]
[Round "2"]
[Board "4"]
[White "Vitouch, Anatol"]
[Black "Chulis, Alexander"]
[Result "1-0"]
[WhiteElo "2320"]
[BlackElo "2157"]
[PlyCount "53"]
[EventDate "2016.10.15"]
[EventType "team"]
[EventRounds "11"]
[EventCountry "AUT"]
[WhiteTeam "ASVOE Pamhagen"]
[BlackTeam "SZ Favoriten"]

1. g3 d5 2. Nf3 Bf5 3. c4 c6 4. cxd5 cxd5 5. Qb3 Bc8 6. Nc3 Nf6 7. d3 e6 8. Bg2
Be7 9. O-O O-O 10. Bf4 Nh5 11. Bxb8 Rxb8 12. Rae1 b5 13. Na4 Bd7 14. Nc5 Be8
15. d4 b4 16. Ne5 Rb6 17. f4 Nf6 18. e3 Bb5 19. Rf2 a5 20. f5 Ne8 21. fxe6 fxe6
22. Nxe6 Rxe6 23. Bxd5 Rxf2 24. Bxe6+ Kf8 25. Kxf2 Bd6 26. Qd5 Qf6+ 27. Kg1 1-0

[Event "2. Bundesliga Ost 2016/2017"]
[Site "alle Wien"]
[Date "2016.10.16"]
[Round "2"]
[Board "5"]
[White "Heissenberger, Andreas"]
[Black "Alvir, Aco"]
[Result "0-1"]
[WhiteElo "1979"]
[BlackElo "2359"]
[PlyCount "72"]
[EventDate "2016.10.15"]
[EventType "team"]
[EventRounds "11"]
[EventCountry "AUT"]
[WhiteTeam "SZ Favoriten"]
[BlackTeam "ASVOE Pamhagen"]

1. e4 g6 2. d4 Bg7 3. Nc3 c5 4. Nf3 cxd4 5. Nxd4 Nc6 6. Be3 Nf6 7. Nxc6 bxc6 8.
e5 Ng8 9. f4 Nh6 10. Be2 d6 11. O-O O-O 12. exd6 exd6 13. Bf3 Nf5 14. Bf2 d5
15. g3 Re8 16. Qd2 Nd6 17. Rae1 Nc4 18. Rxe8+ Qxe8 19. Qc1 Bh3 20. Rd1 Rb8 21.
b3 Bxc3 22. bxc4 d4 23. Be1 Rb2 24. Bxc3 dxc3 25. Re1 Qd7 26. Qe3 Rxc2 27. Be4
Qd2 28. Qxd2 cxd2 29. Rd1 Rxc4 30. Bf3 Rc2 31. Kf2 h5 32. Be4 Rxa2 33. Ke3 Bg4
34. Rxd2 Rxd2 35. Kxd2 c5 36. Bd5 Be6 0-1

[Event "2. Bundesliga Ost 2016/2017"]
[Site "alle Wien"]
[Date "2016.10.16"]
[Round "2"]
[Board "6"]
[White "Prinzjakowitsch, Bernhard"]
[Black "Bartl, Michael"]
[Result "1/2-1/2"]
[WhiteElo "2180"]
[BlackElo "1996"]
[PlyCount "137"]
[EventDate "2016.10.15"]
[EventType "team"]
[EventRounds "11"]
[EventCountry "AUT"]
[WhiteTeam "ASVOE Pamhagen"]
[BlackTeam "SZ Favoriten"]

1. e4 e5 2. Nf3 Nf6 3. Nxe5 d6 4. Nf3 Nxe4 5. d4 d5 6. Bd3 Bd6 7. O-O O-O 8. c4
c6 9. Nc3 Re8 10. Bxe4 dxe4 11. Ng5 Bf5 12. c5 Bc7 13. Re1 Nd7 14. Qb3 Qf6 15.
Qxb7 Rac8 16. Ngxe4 Qxd4 17. Be3 Qe5 18. f4 Qe6 19. Ng3 Qg6 20. Rad1 Bg4 21. f5
Bxf5 22. Nxf5 Qxf5 23. Bf2 Rxe1+ 24. Rxe1 Nxc5 25. Qxa7 Nd3 26. Re2 Nxf2 27.
Rxf2 Qe5 28. g3 Qa5 29. Qxa5 Bxa5 30. Rc2 Kf8 31. a3 Bxc3 32. Rxc3 Ke7 33. Kf2
Kd7 34. Ke2 Re8+ 35. Re3 Rb8 36. b4 Rb5 37. Kd2 Rf5 38. a4 Rf2+ 39. Re2 Rf3 40.
Kc2 h5 41. a5 c5 42. b5 Ra3 43. a6 Ra5 44. Kc3 Rxb5 45. Ra2 Rb8 46. a7 Ra8 47.
Kc4 Kc6 48. h3 f6 49. Ra6+ Kb7 50. Re6 Kxa7 51. Kxc5 Rg8 52. Kd5 Kb7 53. Re7+
Kc8 54. Ke6 h4 55. g4 Rd8 56. Rxg7 Rd3 57. Kxf6 Rxh3 58. Rh7 Kd8 59. g5 Rf3+
60. Kg7 h3 61. g6 Ke8 62. Rh5 Rg3 63. Re5+ Kd7 64. Re2 Rg2 65. Re5 h2 66. Rh5
Ke7 67. Rh6 Ke8 68. Kf6 Rf2+ 69. Kg7 1/2-1/2

[Event "2. Bundesliga Ost 2016/2017"]
[Site "alle Wien"]
[Date "2016.11.12"]
[Round "3"]
[Board "1"]
[White "Lipka, Juraj"]
[Black "Weinzettl, Ernst"]
[Result "0-1"]
[WhiteElo "2421"]
[BlackElo "2274"]
[PlyCount "100"]
[EventDate "2016.10.15"]
[EventType "team"]
[EventRounds "11"]
[EventCountry "AUT"]
[WhiteTeam "ASVOE Pamhagen"]
[BlackTeam "ASVOE VHS Poechlarn"]

1. Nf3 Nf6 2. c4 g6 3. d4 Bg7 4. g3 O-O 5. Bg2 d6 6. O-O Nc6 7. Nc3 Bg4 8. d5
Na5 9. Nd2 c5 10. Qc2 Qd7 11. Re1 Bh3 12. Bh1 a6 13. b3 b5 14. Bb2 Rab8 15. Nd1
e6 16. Bc3 b4 17. Bb2 e5 18. e4 Bh6 19. Ne3 Nb7 20. Ng2 Nh5 21. Qd1 Ng7 22. Rf1
f5 23. exf5 Qxf5 24. f3 Qd3 25. Ne4 Qxd1 26. Raxd1 Nf5 27. Rd3 Nd4 28. Rf2 Bf5
29. Ne1 a5 30. g4 Bxe4 31. fxe4 Rxf2 32. Kxf2 Rf8+ 33. Bf3 a4 34. Kg2 Nxf3 35.
Nxf3 axb3 36. axb3 Bf4 37. Rd1 Ra8 38. Ne1 Ra2 39. Nd3 Na5 40. Kf3 Nxb3 41.
Nxf4 Rxb2 42. Ne6 Nd2+ 43. Ke3 Nxc4+ 44. Kd3 Nb6 45. Rf1 c4+ 46. Ke3 Nd7 47.
Ra1 Rb3+ 48. Kd2 Ra3 49. Rxa3 bxa3 50. Kc3 Nb6 0-1

[Event "2. Bundesliga Ost 2016/2017"]
[Site "alle Wien"]
[Date "2016.11.12"]
[Round "3"]
[Board "2"]
[White "Ganaus, Hannes"]
[Black "Horvath, Dominik"]
[Result "1/2-1/2"]
[WhiteElo "2277"]
[BlackElo "2269"]
[PlyCount "37"]
[EventDate "2016.10.15"]
[EventType "team"]
[EventRounds "11"]
[EventCountry "AUT"]
[WhiteTeam "ASVOE VHS Poechlarn"]
[BlackTeam "ASVOE Pamhagen"]

1. d4 d5 2. c4 e6 3. e3 Nf6 4. Nf3 a6 5. Nc3 dxc4 6. Bxc4 b5 7. Be2 Bb7 8. O-O
Nbd7 9. a3 c5 10. dxc5 Bxc5 11. b4 Be7 12. a4 Bxb4 13. Qb3 Be7 14. axb5 axb5
15. Rxa8 Bxa8 16. Nxb5 O-O 17. Ba3 Bd5 18. Bxe7 Bxb3 19. Bxd8 1/2-1/2

[Event "2. Bundesliga Ost 2016/2017"]
[Site "alle Wien"]
[Date "2016.11.12"]
[Round "3"]
[Board "3"]
[White "Vitouch, Anatol"]
[Black "Wilke, Werner"]
[Result "1-0"]
[WhiteElo "2320"]
[BlackElo "2226"]
[PlyCount "137"]
[EventDate "2016.10.15"]
[EventType "team"]
[EventRounds "11"]
[EventCountry "AUT"]
[WhiteTeam "ASVOE Pamhagen"]
[BlackTeam "ASVOE VHS Poechlarn"]

1. g3 e5 2. c4 c5 3. Bg2 g6 4. Nc3 Bg7 5. Nf3 Ne7 6. O-O O-O 7. Ne1 d6 8. Nc2
Nbc6 9. a3 Be6 10. Ne3 Qd7 11. Ned5 Bh3 12. d3 Bxg2 13. Kxg2 f5 14. e4 f4 15.
gxf4 exf4 16. Nxf4 Ne5 17. f3 g5 18. Nh5 N7g6 19. Bxg5 h6 20. Be3 Nh4+ 21. Kh1
Nhxf3 22. Rf2 Qh3 23. Nf4 Qg4 24. Ncd5 Ng5 25. Rg2 Qxd1+ 26. Rxd1 Kh7 27. Ne7
Nef3 28. Nf5 Be5 29. Rf1 Rae8 30. h4 Rxf5 31. exf5 Nxh4 32. Rxg5 hxg5 33. Nd5
g4 34. Bf4 g3 35. Bxg3 Nxf5 36. Rxf5 Bxg3 37. Rf7+ Kg6 38. Rxb7 Re2 39. b4 cxb4
40. axb4 Rh2+ 41. Kg1 Rd2 42. b5 Kf5 43. Rf7+ Kg6 44. Rf3 Be5 45. Kf1 Ra2 46.
Nb4 Ra4 47. Nc6 Bf6 48. Re3 Kf7 49. Kf2 Bg5 50. Re4 Ra2+ 51. Kf3 Ra1 52. Kg4
Bf6 53. Kf5 Rf1+ 54. Rf4 Ra1 55. Nb4 Be5 56. Rf3 Ra3 57. Nd5 Ra1 58. d4 Bg7 59.
Ke4+ Ke6 60. Nc7+ Ke7 61. Kd5 Rd1 62. Rf4 Be5 63. Rh4 Bg7 64. Ne6 Be5 65. Rh7+
Kf6 66. Rxa7 Bg3 67. b6 Rb1 68. b7 Bh2 69. Nd8 1-0

[Event "2. Bundesliga Ost 2016/2017"]
[Site "alle Wien"]
[Date "2016.11.12"]
[Round "3"]
[Board "4"]
[White "Ernst, Michael"]
[Black "Alvir, Aco"]
[Result "0-1"]
[WhiteElo "2071"]
[BlackElo "2359"]
[PlyCount "64"]
[EventDate "2016.10.15"]
[EventType "team"]
[EventRounds "11"]
[EventCountry "AUT"]
[WhiteTeam "ASVOE VHS Poechlarn"]
[BlackTeam "ASVOE Pamhagen"]

1. d4 c5 2. d5 Nf6 3. Nc3 d6 4. e4 g6 5. Nf3 Bg7 6. h3 O-O 7. Bd3 e6 8. O-O
exd5 9. exd5 b6 10. Re1 Bb7 11. Bf1 Na6 12. Bc4 Nc7 13. Rb1 a6 14. a4 Re8 15.
Rxe8+ Qxe8 16. Qd3 Bc8 17. Bf4 Bf5 18. Qd2 Qd7 19. b4 b5 20. Bd3 Bxd3 21. Qxd3
c4 22. Qd2 bxa4 23. Ng5 a3 24. Rd1 Re8 25. Qc1 Nh5 26. Bd2 Nb5 27. Nxb5 Bb2 28.
Qb1 axb5 29. Bc1 c3 30. Be3 Ra8 31. Qa2 Qf5 32. Rd3 Nf4 0-1

[Event "2. Bundesliga Ost 2016/2017"]
[Site "alle Wien"]
[Date "2016.11.12"]
[Round "3"]
[Board "5"]
[White "Travenec, Igor"]
[Black "Schweitzer, Werner"]
[Result "1-0"]
[WhiteElo "2173"]
[BlackElo "2026"]
[PlyCount "105"]
[EventDate "2016.10.15"]
[EventType "team"]
[EventRounds "11"]
[EventCountry "AUT"]
[WhiteTeam "ASVOE Pamhagen"]
[BlackTeam "ASVOE VHS Poechlarn"]

1. e4 c6 2. d4 d5 3. Nc3 dxe4 4. Nxe4 Nd7 5. Nf3 Ngf6 6. Nxf6+ Nxf6 7. Bc4 Bf5
8. O-O e6 9. c3 Bd6 10. Qe2 Qc7 11. h3 O-O-O 12. Re1 Nd5 13. a4 h6 14. Ne5 f6
15. Nd3 Rhe8 16. Qf3 g5 17. Bd2 Nf4 18. Nxf4 gxf4 19. Bd3 Qh7 20. Bxf5 Qxf5 21.
Re4 e5 22. Qg4 Qd7 23. Qxd7+ Kxd7 24. dxe5 fxe5 25. Kf1 Re6 26. Rae1 Rf8 27. f3
Rf5 28. Rd1 Ke7 29. Be1 Rg6 30. Bf2 a6 31. Re2 Rf8 32. Red2 Rfg8 33. c4 c5 34.
Rxd6 Rxd6 35. Bxc5 Rgg6 36. Ke1 Kd7 37. Bxd6 Rxd6 38. Rxd6+ Kxd6 39. Kd2 Kc5
40. Kc3 a5 41. h4 h5 42. b3 b6 43. Kd3 Kd6 44. Kd2 Kc6 45. Kc2 Kd7 46. Kc3 Kd6
47. b4 Kc6 48. bxa5 bxa5 49. Kd3 Kc5 50. Ke4 Kxc4 51. Kxe5 Kb4 52. Kxf4 Kxa4
53. g4 1-0

[Event "2. Bundesliga Ost 2016/2017"]
[Site "alle Wien"]
[Date "2016.11.12"]
[Round "3"]
[Board "6"]
[White "Lammer, Stefan"]
[Black "Prinzjakowitsch, Bernhard"]
[Result "1-0"]
[WhiteElo "2070"]
[BlackElo "2180"]
[PlyCount "107"]
[EventDate "2016.10.15"]
[EventType "team"]
[EventRounds "11"]
[EventCountry "AUT"]
[WhiteTeam "ASVOE VHS Poechlarn"]
[BlackTeam "ASVOE Pamhagen"]

1. e4 c5 2. d4 cxd4 3. c3 d3 4. c4 Nc6 5. Bxd3 g6 6. Nc3 Bg7 7. Nge2 Ne5 8. O-O
d6 9. Be3 Nf6 10. h3 Be6 11. Rc1 O-O 12. b3 Nxd3 13. Qxd3 Nd7 14. Qb1 Ne5 15.
Rcd1 Qc8 16. Nd5 Re8 17. f4 Nc6 18. Rc1 f5 19. Ng3 Bd4 20. Bxd4 Nxd4 21. Qd3
Nc6 22. exf5 Bxf5 23. Nxf5 gxf5 24. Rf3 Kf7 25. Rg3 Rg8 26. Rxg8 Kxg8 27. Re1
Kf7 28. Qe2 Qd7 29. b4 Re8 30. b5 Nd4 31. Qh5+ Kg7 32. Qg5+ Kh8 33. Nf6 exf6
34. Qxf6+ Kg8 35. Rxe8+ Qxe8 36. Qxd4 Qe2 37. Qd5+ Kh8 38. Qxd6 Qxc4 39. Qf8+
Qg8 40. Qf6+ Qg7 41. Qd8+ Qg8 42. Qd4+ Qg7 43. Qxa7 Qd7 44. Qb8+ Kg7 45. Qe5+
Kg6 46. Kh2 h5 47. a4 h4 48. Qh8 Qd5 49. Qxh4 Kf7 50. Qh7+ Ke8 51. Qh8+ Kd7 52.
Qe5 Qd3 53. b6 Kc8 54. Qc7# 1-0

[Event "2. Bundesliga Ost 2016/2017"]
[Site "alle Wien"]
[Date "2016.11.12"]
[Round "3"]
[Board "2"]
[White "Rubil, Marko"]
[Black "Hangweyrer, Manfred"]
[Result "1/2-1/2"]
[WhiteElo "2306"]
[BlackElo "2384"]
[PlyCount "84"]
[EventDate "2016.10.15"]
[EventType "team"]
[EventRounds "11"]
[EventCountry "AUT"]
[WhiteTeam "SZ Favoriten"]
[BlackTeam "SK Austria"]

1. e4 d6 2. d4 Nf6 3. Nc3 e5 4. Nf3 Nbd7 5. Bc4 Be7 6. O-O O-O 7. a4 b6 8. Qe2
c6 9. Bg5 Bb7 10. Rad1 Qc7 11. Rd2 h6 12. Bh4 Rfe8 13. dxe5 dxe5 14. Rfd1 Nf8
15. Bxf7+ Kxf7 16. Qc4+ Kg6 17. Bg3 Qc8 18. Nxe5+ Kh7 19. Nf3 Ba6 20. Qb3 Qe6
21. e5 Qxb3 22. cxb3 Nh5 23. Nd4 Rac8 24. f4 Bc5 25. Ne4 Ne6 26. Nxc5 Nxc5 27.
Nf5 Rc7 28. Nd6 Rf8 29. b4 Nxg3 30. hxg3 Ne6 31. f5 Ng5 32. g4 Bc8 33. e6 Bxe6
34. fxe6 Nxe6 35. Nf5 h5 36. Nd4 Nxd4 37. Rxd4 c5 38. Rc4 hxg4 39. Rxg4 cxb4
40. Rxb4 Rf5 41. Rg4 Kg8 42. b4 Kf7 1/2-1/2

[Event "2. Bundesliga Ost 2016/2017"]
[Site "alle Wien"]
[Date "2016.11.12"]
[Round "3"]
[Board "4"]
[White "Steiner, Bruno"]
[Black "Druckenthaner, Andreas"]
[Result "0-1"]
[WhiteElo "2166"]
[BlackElo "2267"]
[PlyCount "82"]
[EventDate "2016.10.15"]
[EventType "team"]
[EventRounds "11"]
[EventCountry "AUT"]
[WhiteTeam "SZ Favoriten"]
[BlackTeam "SK Austria"]

1. c4 e5 2. g3 Nc6 3. Nc3 d6 4. Bg2 Be6 5. d3 Qd7 6. b4 g6 7. b5 Nd8 8. Bg5 f6
9. Bd2 Bg7 10. Nf3 Ne7 11. Rc1 O-O 12. O-O Bh3 13. Bxh3 Qxh3 14. Nd5 Qd7 15.
Qb3 Kh8 16. a4 Ne6 17. Bb4 c6 18. Nxe7 Qxe7 19. bxc6 bxc6 20. Qa3 c5 21. Ba5 f5
22. Rb1 Rab8 23. Qa2 e4 24. dxe4 fxe4 25. Nh4 Nd4 26. e3 Nc6 27. Bd2 Rxb1 28.
Rxb1 g5 29. Ng2 Ne5 30. Ne1 Ng4 31. Bc1 Nxf2 32. Qxf2 Rxf2 33. Kxf2 Qf7+ 34.
Kg1 h6 35. Rb8+ Kh7 36. Bb2 Bxb2 37. Rxb2 Qxc4 38. Rb7+ Kg6 39. Rxa7 Qe2 40.
Ng2 c4 41. Rc7 c3 0-1

[Event "2. Bundesliga Ost 2016/2017"]
[Site "alle Wien"]
[Date "2016.11.12"]
[Round "3"]
[Board "5"]
[White "Higatsberger, Michael"]
[Black "Chulis, Alexander"]
[Result "0-1"]
[WhiteElo "2159"]
[BlackElo "2157"]
[PlyCount "68"]
[EventDate "2016.10.15"]
[EventType "team"]
[EventRounds "11"]
[EventCountry "AUT"]
[WhiteTeam "SK Austria"]
[BlackTeam "SZ Favoriten"]

1. e4 e5 2. Nf3 Nc6 3. d4 exd4 4. Nxd4 Bc5 5. Nb3 Bb6 6. Nc3 d6 7. Qe2 h6 8.
Be3 Nf6 9. O-O-O Qe7 10. f3 Be6 11. Kb1 Bxb3 12. cxb3 O-O-O 13. Bxb6 axb6 14.
Qc4 Kb8 15. Qa4 Na7 16. b4 Qe6 17. Bd3 d5 18. Qb3 Qe5 19. exd5 Nxd5 20. Nxd5
Rxd5 21. Bc4 Rxd1+ 22. Qxd1 Re8 23. a3 Nc8 24. g3 Nd6 25. Bd3 Qe3 26. Rf1 Re5
27. f4 Rd5 28. Rf3 Qd4 29. Qe2 c5 30. bxc5 bxc5 31. Re3 c4 32. Bc2 Rb5 33. Re8+
Ka7 34. Ba4 Ra5 0-1

[Event "2. Bundesliga Ost 2016/2017"]
[Site "alle Wien"]
[Date "2016.11.12"]
[Round "3"]
[Board "6"]
[White "Kuenzl, Michael"]
[Black "Rogetzer, Klaus"]
[Result "1/2-1/2"]
[WhiteElo "1968"]
[BlackElo "2055"]
[PlyCount "60"]
[EventDate "2016.10.15"]
[EventType "team"]
[EventRounds "11"]
[EventCountry "AUT"]
[WhiteTeam "SZ Favoriten"]
[BlackTeam "SK Austria"]

1. e4 d5 2. exd5 Qxd5 3. Nc3 Qd8 4. d4 Nf6 5. Bc4 c6 6. Nge2 Bf5 7. O-O e6 8.
Re1 Bd6 9. Bf4 O-O 10. Qd2 Qc7 11. Bxd6 Qxd6 12. Ng3 Bg6 13. Nce4 Nxe4 14. Nxe4
Qc7 15. c3 Nd7 16. Qg5 Nb6 17. Bb3 Rad8 18. h4 h6 19. Qg4 Nd5 20. Rad1 Bf5 21.
Qf3 Qf4 22. Qxf4 Nxf4 23. g3 Nd5 24. Kg2 Rfe8 25. Re2 Re7 26. Rde1 Rc7 27. f3
b6 28. Kf2 Bg6 29. a3 Rcd7 30. Ba4 Rc7 1/2-1/2

[Event "2. Bundesliga Ost 2016/2017"]
[Site "alle Wien"]
[Date "2016.11.12"]
[Round "3"]
[Board "1"]
[White "Jankovic, Alojzije"]
[Black "Certek, Pavel"]
[Result "1-0"]
[WhiteElo "2579"]
[BlackElo "2249"]
[PlyCount "59"]
[EventDate "2016.10.15"]
[EventType "team"]
[EventRounds "11"]
[EventCountry "AUT"]
[WhiteTeam "SK Advisory Invest Baden"]
[BlackTeam "ASVOE Mattersburg"]

1. d4 Nf6 2. Nf3 e6 3. c4 Bb4+ 4. Nbd2 O-O 5. a3 Be7 6. e4 d6 7. Be2 b6 8. Qc2
c5 9. e5 Ne8 10. dxc5 bxc5 11. Ne4 dxe5 12. Nxe5 Bb7 13. h4 Nc6 14. Ng5 Nf6 15.
Ng4 g6 16. Nh6+ Kg7 17. Nhxf7 Nd4 18. Nxd8 Nxc2+ 19. Kd1 Raxd8+ 20. Kxc2 Bxg2
21. Nxe6+ Kg8 22. Rg1 Be4+ 23. Kc3 Nd7 24. Bg5 Nf6 25. Nxf8 Rxf8 26. Rad1 Rb8
27. Bd3 Bc6 28. Bc2 Kf7 29. Rge1 Bf3 30. Rd7 1-0

[Event "2. Bundesliga Ost 2016/2017"]
[Site "alle Wien"]
[Date "2016.11.12"]
[Round "3"]
[Board "2"]
[White "Petran, Peter"]
[Black "Zojer, Stefan"]
[Result "1-0"]
[WhiteElo "2306"]
[BlackElo "2095"]
[PlyCount "75"]
[EventDate "2016.10.15"]
[EventType "team"]
[EventRounds "11"]
[EventCountry "AUT"]
[WhiteTeam "ASVOE Mattersburg"]
[BlackTeam "SK Advisory Invest Baden"]

1. c4 Nf6 2. g3 g6 3. Bg2 Bg7 4. Nc3 d6 5. d4 O-O 6. Nf3 Na6 7. O-O c5 8. d5
Nc7 9. e4 Rb8 10. a4 b6 11. Re1 a6 12. Bg5 Ng4 13. h3 Ne5 14. Nxe5 Bxe5 15. Bf1
Bd7 16. Qc2 b5 17. Kh2 b4 18. Ne2 b3 19. Qc1 Rb4 20. a5 Re8 21. Bd2 Rb8 22. f4
Bg7 23. Bc3 e5 24. Bg2 f5 25. fxe5 Bxe5 26. Bxe5 Rxe5 27. Nf4 Qf6 28. Qc3 fxe4
29. Rxe4 Bf5 30. Ree1 Bc2 31. Nd3 Bxd3 32. Qxd3 Rxe1 33. Rxe1 Qxb2 34. Re7 Qc2
35. Qe3 Rf8 36. Rxc7 b2 37. Qe6+ Kh8 38. Qe7 1-0

[Event "2. Bundesliga Ost 2016/2017"]
[Site "alle Wien"]
[Date "2016.11.12"]
[Round "3"]
[Board "3"]
[White "Purgar, Ivona"]
[Black "Brod, Manfred"]
[Result "1-0"]
[WhiteElo "2134"]
[BlackElo "2277"]
[PlyCount "97"]
[EventDate "2016.10.15"]
[EventType "team"]
[EventRounds "11"]
[EventCountry "AUT"]
[WhiteTeam "SK Advisory Invest Baden"]
[BlackTeam "ASVOE Mattersburg"]

1. e4 e6 2. d4 d5 3. Nd2 c5 4. Ngf3 cxd4 5. Nxd4 Nc6 6. Bb5 Qb6 7. exd5 exd5 8.
Qe2+ Be7 9. N2b3 a6 10. Nxc6 bxc6 11. Bd3 c5 12. Be3 Be6 13. c3 Nf6 14. h3 O-O
15. O-O a5 16. Qc2 Rab8 17. Rab1 Rfc8 18. Bf5 Rc6 19. Bf4 Rb7 20. Rfe1 g6 21.
Bxe6 fxe6 22. Nd2 Nd7 23. Nf3 Bf6 24. Qd2 Qd8 25. Re2 Rcb6 26. Nh2 Qf8 27. Bg3
Qg7 28. Ng4 Bxc3 29. Nh6+ Kf8 30. Qf4+ Qf6 31. Qa4 Qd4 32. Qa3 Bxb2 33. Qxa5 c4
34. Ng4 c3 35. Qa8+ Kg7 36. Qe8 Qc5 37. Bf4 g5 38. Bxg5 e5 39. Nxe5 Nxe5 40.
Qxe5+ Kg6 41. Be3 c2 42. Qg5+ Kf7 43. Qf5+ Bf6 44. Rc1 Qd6 45. Bxb6 Rxb6 46.
Qxh7+ Bg7 47. Rexc2 Rb7 48. Rc6 Qf4 49. Qg6+ 1-0

[Event "2. Bundesliga Ost 2016/2017"]
[Site "alle Wien"]
[Date "2016.11.12"]
[Round "3"]
[Board "4"]
[White "Pallitsch, Clemens"]
[Black "Trippold, Denise"]
[Result "1/2-1/2"]
[WhiteElo "2202"]
[BlackElo "2088"]
[PlyCount "57"]
[EventDate "2016.10.15"]
[EventType "team"]
[EventRounds "11"]
[EventCountry "AUT"]
[WhiteTeam "ASVOE Mattersburg"]
[BlackTeam "SK Advisory Invest Baden"]

1. d4 Nf6 2. c4 e6 3. Nc3 Bb4 4. Qc2 c5 5. dxc5 O-O 6. a3 Bxc5 7. Nf3 b6 8. e3
Bb7 9. Be2 d5 10. cxd5 Nxd5 11. O-O Nxc3 12. Qxc3 Be7 13. Bd2 Bf6 14. Qc2 Nd7
15. Bb4 Rc8 16. Qa4 Nc5 17. Bxc5 Rxc5 18. b4 Rc7 19. Rac1 Qc8 20. Rxc7 Qxc7 21.
h3 Rd8 22. Rd1 Rxd1+ 23. Qxd1 g6 24. Nd4 Bxd4 25. Qxd4 Qc1+ 26. Kh2 Qxa3 27.
Qd8+ Kg7 28. Qd4+ Kg8 29. Qd8+ 1/2-1/2

[Event "2. Bundesliga Ost 2016/2017"]
[Site "alle Wien"]
[Date "2016.11.12"]
[Round "3"]
[Board "5"]
[White "Hofegger, Jakob"]
[Black "Salamon, Werner"]
[Result "1/2-1/2"]
[WhiteElo "2072"]
[BlackElo "2157"]
[PlyCount "89"]
[EventDate "2016.10.15"]
[EventType "team"]
[EventRounds "11"]
[EventCountry "AUT"]
[WhiteTeam "SK Advisory Invest Baden"]
[BlackTeam "ASVOE Mattersburg"]

1. Nf3 Nf6 2. g3 d5 3. Bg2 e6 4. O-O Be7 5. d3 O-O 6. Nbd2 c5 7. e4 Nc6 8. Re1
b6 9. e5 Nd7 10. Nf1 Bb7 11. h4 Qc7 12. Bf4 Rfe8 13. N1h2 Nf8 14. h5 h6 15. Ng4
Nh7 16. Qd2 Qd8 17. Rad1 Ng5 18. Bxg5 Bxg5 19. Nxg5 Qxg5 20. Qxg5 hxg5 21. c3
Red8 22. f4 gxf4 23. gxf4 Ne7 24. h6 gxh6 25. Nxh6+ Kg7 26. Ng4 Rh8 27. Kf2 Rh4
28. Rg1 Rxg4 29. Bxd5 Bxd5 30. Rxg4+ Ng6 31. c4 Bc6 32. d4 Rd8 33. d5 exd5 34.
f5 Bd7 35. e6 Bxe6 36. fxe6 fxe6 37. cxd5 exd5 38. Rdg1 Rd6 39. Ke3 Re6+ 40.
Kd2 Kf7 41. Rh1 Kg7 42. Rh5 d4 43. b4 cxb4 44. Rxd4 a5 45. Rd7+ 1/2-1/2

[Event "2. Bundesliga Ost 2016/2017"]
[Site "alle Wien"]
[Date "2016.11.12"]
[Round "3"]
[Board "6"]
[White "Braun, Karl-Heinz"]
[Black "Rudolf, Herbert"]
[Result "1/2-1/2"]
[WhiteElo "2034"]
[BlackElo "2110"]
[PlyCount "57"]
[EventDate "2016.10.15"]
[EventType "team"]
[EventRounds "11"]
[EventCountry "AUT"]
[WhiteTeam "ASVOE Mattersburg"]
[BlackTeam "SK Advisory Invest Baden"]

1. c4 b6 2. Nc3 Bb7 3. d4 e6 4. Nf3 Bb4 5. Bg5 Nf6 6. Qb3 a5 7. a3 a4 8. Qc2
Bxc3+ 9. Qxc3 h6 10. Bh4 g5 11. Bg3 Ne4 12. Qc2 d6 13. Nd2 Nxd2 14. Qxd2 Qf6
15. f3 Nc6 16. Rd1 e5 17. e3 exd4 18. exd4 O-O-O 19. Be2 Rde8 20. Bf2 Qe7 21.
Rc1 Na5 22. Rc2 g4 23. O-O gxf3 24. gxf3 Nb3 25. Qd3 Rhg8+ 26. Kh1 Qd7 27. d5
Nc5 28. Qd1 Qf5 29. Rg1 1/2-1/2

[Event "2. Bundesliga Ost 2016/2017"]
[Site "alle Wien"]
[Date "2016.11.12"]
[Round "3"]
[Board "1"]
[White "Jovanovic, Dusan"]
[Black "Videki, Sandor"]
[Result "1/2-1/2"]
[WhiteElo "2375"]
[BlackElo "2421"]
[PlyCount "92"]
[EventDate "2016.10.15"]
[EventType "team"]
[EventRounds "11"]
[EventCountry "AUT"]
[WhiteTeam "SK Sparkasse Bad Voeslau"]
[BlackTeam "SC Data Technology Pressbaum/E."]

1. Nf3 d5 2. e3 Nf6 3. b3 Bg4 4. Bb2 e6 5. c4 Nbd7 6. Be2 Bd6 7. O-O O-O 8. Nc3
c6 9. a3 a5 10. cxd5 exd5 11. Nd4 Bxe2 12. Ncxe2 Re8 13. Ng3 g6 14. f4 Qb6 15.
a4 Bf8 16. f5 Bg7 17. fxg6 hxg6 18. Rf4 c5 19. Nf3 Re7 20. Rb1 Rae8 21. Nf1 Qd6
22. g3 b6 23. Qc2 Nh5 24. Rh4 Bxb2 25. Rxb2 Qf6 26. Kg2 Ne5 27. Nxe5 Rxe5 28.
d4 cxd4 29. exd4 Re4 30. Rxe4 Rxe4 31. b4 Re1 32. Qf2 Qe6 33. bxa5 bxa5 34. Qf3
Nf6 35. h3 Kg7 36. g4 Ne4 37. Qf4 Nc3 38. Ng3 Nd1 39. Rb3 Ne3+ 40. Kf2 Nd1+ 41.
Kg2 Re3 42. Qg5 Rxg3+ 43. Kxg3 Qe1+ 44. Kg2 Qe2+ 45. Kg1 Qf2+ 46. Kh1 Qf1+
 1/2-1/2